តើបាយបានមកពីណា? / (Record no. 1719)

MARC details
000 -LEADER
fixed length control field 01410nam a22002897a 4500
001 - CONTROL NUMBER
control field 1719
003 - CONTROL NUMBER IDENTIFIER
control field FISKH
005 - DATE AND TIME OF LATEST TRANSACTION
control field 20230919140624.0
008 - FIXED-LENGTH DATA ELEMENTS--GENERAL INFORMATION
fixed length control field 230919b cb ||||| |||| 00| 0 khr d
020 ## - INTERNATIONAL STANDARD BOOK NUMBER
International Standard Book Number 9789924340003
040 ## - CATALOGING SOURCE
Original cataloging agency FISKH
Language of cataloging eng
Transcribing agency FISKH
Modifying agency FISKH
082 ## - DEWEY DECIMAL CLASSIFICATION NUMBER
Classification number 321.8
100 ## - MAIN ENTRY--PERSONAL NAME
Personal name Hongcheng, Yu
245 ## - TITLE STATEMENT
Title តើបាយបានមកពីណា? /
Statement of responsibility, etc. និពន្ធនិងគូររូបដោយ យូ ហុងចេង
250 ## - EDITION STATEMENT
Edition statement បោះពុម្ពលើកទី ២​​ កក្កដា​ ២០២០
260 ## - PUBLICATION, DISTRIBUTION, ETC.
Place of publication, distribution, etc. Phnom Penh :
Name of publisher, distributor, etc. Sipar,
Date of publication, distribution, etc. 2020.
300 ## - PHYSICAL DESCRIPTION
Extent 40 pages :
Other physical details color illustrations ;
Dimensions 23 × 29 cm
505 ## - FORMATTED CONTENTS NOTE
Formatted contents note O<br/>
520 ## - SUMMARY, ETC.
Summary, etc. កសិករដកស្មៅ កណ្ដាលថ្ងៃក្ដៅ ញើសដូរធ្លាក់ទៅចូលក្នុងវាលស្រែ។ បាយបានមកពីការងារលំបាកៗយ៉ាងច្រើន។
520 ## - SUMMARY, ETC.
Summary, etc. Farmers remove weeds in the middle of a hot day, sweating and falling into the fields. Rice comes from a lot of hard work.
521 8# - TARGET AUDIENCE NOTE
Target audience note 640<br/><br/>
Source Lexile estimate <br/>
521 8# - TARGET AUDIENCE NOTE
Target audience note O<br/>
Source Raz-Plus <br/>
650 ## - SUBJECT ADDED ENTRY--TOPICAL TERM
Topical term or geographic name entry element ក្រោមកម្ដៅថ្ងៃ
Form subdivision អង្ករ
General subdivision ការងារលំបាក
650 ## - SUBJECT ADDED ENTRY--TOPICAL TERM
Topical term or geographic name entry element Rice
Form subdivision Hard Work
General subdivision Under the sun
700 ## - ADDED ENTRY--PERSONAL NAME
Personal name Hongcheng, Yu
Relator term illustrator
942 ## - ADDED ENTRY ELEMENTS (KOHA)
Source of classification or shelving scheme Dewey Decimal Classification
Koha item type Khmer Books
Suppress in OPAC No
Holdings
Withdrawn status Lost status Source of classification or shelving scheme Damaged status Not for loan Collection Home library Current library Shelving location Date acquired Total Checkouts Full call number Barcode Date last seen Copy number Price effective from Koha item type
    Dewey Decimal Classification     Khmer Language Books / សៀវភៅភាសាខ្មែរ Footprints International School Library Network Toul Kork Campus Footprints International School Library Network Toul Kork Campus TK Campus, Room B402, Khmer Book Case 16, Shelves 112-123 / ទូរសៀវភៅខ្មែរលេខ ១៦​ ធ្នើរ ១១២ ដល់ ១២៣ បន្ទប់ B402 សាខាទួលគោក 09/19/2023   HON 321.8 2023-0667 09/19/2023 1 09/19/2023 Khmer Books
    Dewey Decimal Classification     Khmer Language Books / សៀវភៅភាសាខ្មែរ Footprints International School Library Network Toul Kork Campus Footprints International School Library Network Toul Kork Campus TK Campus, Room B402, Khmer Book Case 16, Shelves 112-123 / ទូរសៀវភៅខ្មែរលេខ ១៦​ ធ្នើរ ១១២ ដល់ ១២៣ បន្ទប់ B402 សាខាទួលគោក 09/19/2023   HON 321.8 2023-0668 09/19/2023 2 09/19/2023 Khmer Books